Architecture Design Notebook. 2nd Edition (Record no. 18931)
[ view plain ]
| 000 -LEADER | |
|---|---|
| fixed length control field | 00241nam a2200097 i 4500 |
| 020 ## - INTERNATIONAL STANDARD BOOK NUMBER | |
| ISBN | 9781032964034 |
| 100 ## - MAIN ENTRY--AUTHOR NAME | |
| Personal name | Fawcett, A. Peter |
| 245 ## - TITLE STATEMENT | |
| Title | Architecture Design Notebook. 2nd Edition |
| 260 ## - PUBLICATION, DISTRIBUTION, ETC. (IMPRINT) | |
| Place of publication | London |
| Name of publisher | Routledge |
| Year of publication | 2020 |
| 082 ## - DEWEY DECIMAL CLASSIFICATION NUMBER | |
| Classification number | 720 FAW |
| Collection code | Home library | Current library | Shelving location | Date acquired | Source of acquisition | Cost, normal purchase price | Full call number | Accession Number | Koha item type |
|---|---|---|---|---|---|---|---|---|---|
| Architecture | Mahindra University VNLRC | Mahindra University VNLRC | General Stacks | 06/04/2026 | SBH | 1699.00 | 720 FAW | A0065 | Reference |
| Architecture | Mahindra University VNLRC | Mahindra University VNLRC | General Stacks | 06/04/2026 | SBH | 1699.00 | 720 FAW | A0066 | Reference |
